Protection de la qualité des eaux et maîtrise de la pollution; (Record no. 16292)

000 -LEADER
fixed length control field 00462nam a2200145 4500
040 ## - CATALOGING SOURCE
Transcribing agency DLC
082 00 - DEWEY DECIMAL CLASSIFICATION NUMBER
Classification number 363 EYR 1973 A089 Or.
100 1# - MAIN ENTRY--AUTHOR NAME
Personal name Vaillant, J. R.
245 10 - TITLE STATEMENT
Title Protection de la qualité des eaux et maîtrise de la pollution;
Remainder of title contrôle des déversements d'eaux polluées,
260 ## - PUBLICATION, DISTRIBUTION, ETC. (IMPRINT)
Place of publication Paris,
Name of publisher Eyrolles,
Year of publication 1973.
300 ## - PHYSICAL DESCRIPTION
Number of Pages xxvii, 403 p.
Other physical details illus.
Dimensions 25 cm.
490 0# - SERIES STATEMENT
Series statement Collection du B.C.E.O.M.
650 #0 - SUBJECT ADDED ENTRY--TOPICAL TERM
Topical Term Water quality management.
942 ## - ADDED ENTRY ELEMENTS (KOHA)
Koha item type សៀវភៅភាសាបារាំង
952 ## - LOCATION AND ITEM INFORMATION (KOHA)
Withdrawn status [LOCAL, KOHA] 0
Holdings
Permanent Location Date acquired Koha item type Lost status Shelving location Barcode Current Location Full call number
Library Block A2018-02-02សៀវភៅភាសាបារាំង A089A25925Library Block A363 EYR 1973 A089 Or.
មជ្ឈមណ្ឌលឯការនៃសាកលវិទ្យាល័យភូមិន្ទកសិកម្មចំការដូង

Powered by Koha